Statistics for The Five Love Languages

Click here to take the quiz!

General Stats

  • This quiz has been taken 11 times
  • The average score is 3 of 5

Answer Stats

Answer% Correct
Physical Touch
91%
Acts of Service
64%
Receiving Gifts
64%
Words of Affirmation
64%
Quality Time
27%

Score Distribution

Percentile by Number Answered

Percent of People with Each Score

Your Score History

You have not taken this quiz